000 00532cam a2200145 4500500
005 20251228090708.0
041 _afre
042 _adc
100 1 0 _aDaudin, Claire
_eauthor
245 0 0 _aColloque « Charles Péguy et les Juifs », 23 novembre 2014 à Strasbourg
260 _c2015.
500 _a61
786 0 _nBulletin de l’Amitié Charles Péguy | 149 | 1 | 2015-04-08 | p. 81-82 | 0180-8567
856 4 1 _uhttps://shs.cairn.info/revue-bulletin-de-lamitie-charles-peguy-2015-1-page-81?lang=fr&redirect-ssocas=7080
999 _c1602597
_d1602597